La composición escrita (de 3 a 16 años) (Registro nro. 62979)

Detalles MARC
000 -ENCABEZADO
Número de control [NR] 01776nam a2200493Ia 4500
005 - FECHA Y HORA DE LA ÚLTIMA TRANSACCIÓN
control field 20180312143023.0
008 - DE LONGITUD FIJA DE DATOS DE ELEMENTOS - INFORMACIÓN GENERAL
Elementos de longitud fija [NR] 130821s2004 sp gr spa
020 ## - NUMERO INTERNACIONAL NORMALIZADO PARA LIBROS [R]
Número Internacional Normalizado del libro [NR] 8478273328
020 ## - NUMERO INTERNACIONAL NORMALIZADO PARA LIBROS [R]
Número Internacional Normalizado del libro [NR] 9788478273324
040 ## - FUENTE DE CATALOGACION [NR]
Agencia de catalogación original [NR] Co-BoUCM
Idioma de catalogación [NR] spa
Quien Cataloga Saul Niño
Quien Clasifica Saul Niño
041 00 - CODIGO DE IDIOMA [R]
Código de idioma para texto/pista de sonido o título separado [R] Español
245 03 - MENCION DE TITULO [NR]
Título [NR] La composición escrita (de 3 a 16 años)
Mención de responsabilidad, etc. [NR] Marisol Anguita ... [y otros.]
260 ## - PUBLICACION, DISTRIBUCION, ETC. (PIE DE IMPRENTA) [R]
Lugar de publicación, distribución, etc. [R] Barcelona (España)
Nombre del editor, distribuidor, etc. [R] Laboratorio Educativo
-- Grao
Fecha de publicación, distribución, etc. [R] 2004
300 ## - DESCRIPCION FISICA [R]
Extensión [R] 150 páginas
490 #0 - MENCION DE SERIE [R]
Mención de serie [R] Claves para la Innovación Educativa
Designación numérica/secuencial del volumen [NR] 28
504 ## - NOTA DE BIBLIOGRAFIA, ETC. [R]
Nota de bibliografía, etc. [NR] Incluye referencias bibliográficas e índices
650 04 - ASIENTO SECUNDARIO DE MATERIA - TERMINO TEMATICO [R]
Término temático o nombre geográfico como elemento de entrada [NR] Educación primaria
Subdivisión general [R] Enseñanza
9 (RLIN) 13857
650 04 - ASIENTO SECUNDARIO DE MATERIA - TERMINO TEMATICO [R]
Término temático o nombre geográfico como elemento de entrada [NR] Educación secundaria
Subdivisión general [R] Enseñanza
9 (RLIN) 13870
650 04 - ASIENTO SECUNDARIO DE MATERIA - TERMINO TEMATICO [R]
Término temático o nombre geográfico como elemento de entrada [NR] Escritos académicos
Subdivisión general [R] Enseñanza
9 (RLIN) 14799
650 04 - ASIENTO SECUNDARIO DE MATERIA - TERMINO TEMATICO [R]
Término temático o nombre geográfico como elemento de entrada [NR] Preceptiva literaria
9 (RLIN) 22163
650 04 - ASIENTO SECUNDARIO DE MATERIA - TERMINO TEMATICO [R]
Término temático o nombre geográfico como elemento de entrada [NR] Teoría de la educación
9 (RLIN) 25273
650 04 - ASIENTO SECUNDARIO DE MATERIA - TERMINO TEMATICO [R]
Término temático o nombre geográfico como elemento de entrada [NR] Teoría lingüística
9 (RLIN) 26564
690 ## - ASUNTO AGREGADO LOCAL DE ENTRADA - TÉRMINO TEMÁTICO (OCLC, RLIN)
9 (RLIN) 42858
Acceso temático local Lingüística aplicada
700 1# - ASIENTO SECUNDARIO - NOMBRE PERSONAL [R]
Nombre personal [NR] Anguita, Marisol
9 (RLIN) 73020
700 1# - ASIENTO SECUNDARIO - NOMBRE PERSONAL [R]
Nombre personal [NR] Camps, Ana
9 (RLIN) 73021
700 1# - ASIENTO SECUNDARIO - NOMBRE PERSONAL [R]
Nombre personal [NR] Casaseca, Salustino
9 (RLIN) 73022
700 1# - ASIENTO SECUNDARIO - NOMBRE PERSONAL [R]
Nombre personal [NR] Fernández Chacón, Ana
9 (RLIN) 73023
700 1# - ASIENTO SECUNDARIO - NOMBRE PERSONAL [R]
Nombre personal [NR] Guasch, Oriol
9 (RLIN) 73024
700 1# - ASIENTO SECUNDARIO - NOMBRE PERSONAL [R]
Nombre personal [NR] Martínez López, M. Victória
9 (RLIN) 73025
700 1# - ASIENTO SECUNDARIO - NOMBRE PERSONAL [R]
Nombre personal [NR] Menoyo, Maria del Pilar
9 (RLIN) 73026
700 1# - ASIENTO SECUNDARIO - NOMBRE PERSONAL [R]
Nombre personal [NR] Morist, Carmen
9 (RLIN) 73027
700 1# - ASIENTO SECUNDARIO - NOMBRE PERSONAL [R]
Nombre personal [NR] Nemirovsky, Myriam
9 (RLIN) 73028
700 1# - ASIENTO SECUNDARIO - NOMBRE PERSONAL [R]
Nombre personal [NR] Pañella, Oriol
9 (RLIN) 73029
700 1# - ASIENTO SECUNDARIO - NOMBRE PERSONAL [R]
Nombre personal [NR] Pedrosa, Montserrat
9 (RLIN) 73030
700 1# - ASIENTO SECUNDARIO - NOMBRE PERSONAL [R]
Nombre personal [NR] Piñán, Berta
9 (RLIN) 73031
700 1# - ASIENTO SECUNDARIO - NOMBRE PERSONAL [R]
Nombre personal [NR] Poch, Assumpta
9 (RLIN) 73032
700 1# - ASIENTO SECUNDARIO - NOMBRE PERSONAL [R]
Nombre personal [NR] Ramírez Palau, Rosa María
9 (RLIN) 73033
700 1# - ASIENTO SECUNDARIO - NOMBRE PERSONAL [R]
Nombre personal [NR] Ramos, Joaquín
9 (RLIN) 73034
700 1# - ASIENTO SECUNDARIO - NOMBRE PERSONAL [R]
Nombre personal [NR] Rexach, Mercé
9 (RLIN) 73035
700 1# - ASIENTO SECUNDARIO - NOMBRE PERSONAL [R]
Nombre personal [NR] Solé, Isabel
9 (RLIN) 66674
700 1# - ASIENTO SECUNDARIO - NOMBRE PERSONAL [R]
Nombre personal [NR] Teberosky, Ana
9 (RLIN) 73036
942 ## - ELEMENTOS DE ENTRADA AGREGADOS (KOHA)
Tipo de ítem principal el descrito en 300a Libro
Tema principal Educación
Edición 1
Parte restante de la signatura top. C737
Sistema de clasificación DEWEY
Clasificación 372.623
Título oculto en OPAC No
Existencias
Fecha de último préstamo Total préstamos Total Renewals Signatura topográfica Código de barras Última vez visto Ejemplar Price effective from Tipo de ítem Perdido Sistema de clasificación Dañado No prestable Tipo de ítem específico Suprimido Ubicación habitual Ubicación actual Localización Fecha de creación Forma de adquisición Costo Costo de reposición Proveedor
23/09/2024 4 3 372.623 C737 200018956 07/04/2026 Ej.1 03/02/2013 Libro   DEWEY     Libro   Quinta de Mutis Quinta de Mutis Mezanecs 30/09/2009 Compra 75000.00    
29/01/2018 3 2 372.623 C737 200028772 11/12/2025 Ej.2 16/10/2015 Libro   DEWEY     Libro   Quinta de Mutis Quinta de Mutis Mezanecs 16/10/2015 Compra 54682.00 54682.00 15
31/01/2020 2 4 372.623 C737 200028773 11/12/2025 Ej.3 16/10/2015 Libro   DEWEY     Libro   Quinta de Mutis Quinta de Mutis Mezanecs 16/10/2015 Compra 54682.00 54682.00 15